000 01015nam a2200349 a 4500
003 AR-BaBNM
005 20251128210053.0
008 082120s2002 ||||||||||||||000 | spa||
020 _a950-03-7177-4
040 _cAR-BaBNM
245 0 0 _aPúblico y privado
_blas organizaciones sin fines de lucro en la Argentina
260 _aBuenos Aires
_bUNICEF
_bLosada
_c1995
300 _a230 p.
_btablas
490 0 _aTemas Sociales
504 _aCada trabajo cuenta con bibliografía para consultar
650 4 _aANIMACION CULTURAL
650 4 _aANIMADORES DE LA COMUNIDAD
650 4 _aONGs
650 4 _aGESTION
650 4 _aPARTICIPACION DE LA COMUNIDAD
650 4 _aTRABAJO SOCIAL
650 4 _aTRABAJADORES SOCIALES
650 4 _aPOLITICA SOCIAL
650 4 _aCRISIS CULTURAL
650 4 _aRESPONSABILIDAD DEL ESTADO
650 4 _aDESARROLLO
650 4 _aDEMOCRACIA
650 4 _aCOOPERACION INTERNACIONAL
700 1 _aThompson, Andrés
_ecompilador
942 _cBK
998 _cMariana
999 _c13898
_d13898